MARC

LEADER 00000nam0a2200000 4500
001 169229
005 20231101222819.0
035 |a (RuTPU)RU\TPU\book\183568 
090 |a 169229 
100 |a 20091109d1976 k y0rusy50 ca 
101 0 |a rus 
102 |a TM 
105 |a a z 001zy 
200 1 |a Физико-химические методы анализа биологически активных веществ растительного происхождения  |f В. П. Георгиевский, Н. А. Казаринов, М. О. Каррыев  |g Академия наук Туркменской ССР ; под ред. А. П. Прокопенко 
210 |a Ашхабад  |c Ылым  |d 1976 
215 |a 240 с.  |c ил. 
320 |a Библиогр.: с. 222-236. 
606 |a Биологически активные вещества  |x Содержание в растениях  |2 stltpush  |3 (RuTPU)RU\TPU\subj\28676  |9 52189 
610 1 |a содержание в растениях 
610 1 |a физико-химический анализ 
610 1 |a титрование 
610 1 |a анализ 
610 1 |a хроматография 
610 1 |a применение 
610 1 |a спектрофотометрия 
675 |a 615.3  |v 3 
700 1 |a Георгиевский  |b В. П.  |g Виктор Петрович 
701 1 |a Казаринов  |b Н. А.  |g Николай Александрович 
701 1 |a Каррыев  |b М. О.  |g Мурад Оразкулиевич 
702 1 |a Прокопенко  |b А. П.  |4 340 
712 0 2 |a Академия наук Туркменской ССР  |2 stltpush  |3 (RuTPU)RU\TPU\col\8665 
801 1 |a RU  |b 63413507  |c 20091109 
801 2 |a RU  |b 63413507  |c 20180517  |g RCR 
942 |c BK